00426nam a22001337a 4500003000500000038001500005082001000020100001700030245012700047260003700174300002700211500001500238600003900253NUST aMr. Zahoor a621.3 aSaman Cheema aA Balanced Energy Adaptive Routing with Sector-based Node Selection in Underwater Wireless Sensor Networks /cSaman Cheema aIslamabad :bCEME - NUST,c2016. a66 p. : ill. ;c30 cm. aHardcover. 2Electrical Engineering - MS Thesis